Pokémon qui changent de talent en évoluant - Statistiques

Statistiques générales
  • Ce quiz a été pris 7 fois
  • Le résultat moyen est 63 sur 153
Statistiques - réponses
Réponse % Correct
Évoli
100%
Mélofée
100%
Pikachu
100%
Arakdo
67%
Armulys
67%
Aspicot
67%
Barpau
67%
Bleuseille
67%
Blindalys
67%
Ceribou
67%
Chenipan
67%
Chenipotte
67%
Cheniti
67%
Chrysacier
67%
Coconfort
67%
Colossinge
67%
Coquiperl
67%
Cornèbre
67%
Cosmog
67%
Cosmovum
67%
Darumarond
67%
Diamat
67%
Nidorino
67%
Draco
67%
Élektek
67%
Étourmi
67%
Girafarig
67%
Hypocéan
67%
Insécateur
67%
Kirlia
67%
Kraknoix
67%
Larvibule
67%
Lépidonille
67%
Magicarpe
67%
Miaouss
67%
Mystherbe
67%
Nidorina
67%
Ningale
67%
Onix
67%
Ortide
67%
Osselait
67%
Pérégrain
67%
Piclairon
67%
Rondoudou
67%
Scalproie
67%
Spectrum
67%
Stalgamin
67%
Têtarte
67%
Type:0
67%
Apitrini
33%
Balignon
33%
Bargantua (Motif Blanc)
33%
Batracné
33%
Candine
33%
Capumain
33%
Carabing
33%
Chamallot
33%
Charbambin
33%
Chlorobule
33%
Chrysapile
33%
Chuchmur
33%
Coléodôme
33%
Compagnol
33%
Corayon de Galar
33%
Couverdure
33%
Coxy
33%
Crikzik
33%
Darumarond de Galar
33%
Débugant
33%
Dimoclès
33%
Draby
33%
Drackhaus
33%
Efflèche
33%
Embrylex
33%
Escargaume
33%
Farfuret
33%
Farfuret de Hisui
33%
Feurisson
33%
Flotillon
33%
Furaiglon
33%
Géolithe
33%
Goélise
33%
Goinfrex
33%
Gourmelet
33%
Grelaçon
33%
Hypotrempe
33%
Larveyette
33%
Léboulérou
33%
Linéon de Galar
33%
Lippouti
33%
Medhyèna
33%
Meltan
33%
Miamiasme
33%
Miaouss d'Alola
33%
Miaouss de Galar
33%
Mime Jr.
33%
Mimitoss
33%
M. Mime de Galar
33%
Mordudor
33%
Mucuscule
33%
Noeunoeuf
33%
Nounourson
33%
Olivado
33%
Parecool
33%
Passerouge
33%
Pâtachiot
33%
Phanpy
33%
Pifeuil
33%
Pimito
33%
Pohm
33%
Polarhume
33%
Pomdramour
33%
Ponchiot
33%
Porygon2
33%
Psystigri
33%
Ptiravi
33%
Ramoloss de Galar
33%
Ratentif
33%
Rémoraid
33%
Rhinoféros
33%
Riolu
33%
Rosélia
33%
Scorplane
33%
Skelénox
33%
Smogo
33%
Snubbull
33%
Sorboul
33%
Sovkipou
33%
Teddiursa
33%
Têtampoule
33%
Toutombe
33%
Ursaring
33%
Verpom
33%
Vigoroth
33%
Voltoutou
33%
Wushours
33%
Yanma
33%
Ymphect
33%
Chaglam
0%
Charbi
0%
Dofin
0%
Duralugon
0%
Gribouraigne
0%
Grindur
0%
Grondogue
0%
Grotichon
0%
Laporeille
0%
Mateloutre
0%
Moumouton
0%
Ptyranidur
0%
Rocabot
0%
Toxizap
0%
Vrombi
0%
Aucun quiz correspondant
Distribution des résultats
% des personnes avec chaque résultat
Percentile par nombre de réponses
Votre historique - résultats
Vous n’avez pas pris ce quiz